| 000 | 00727nam a2200205Ii 4500 | ||
|---|---|---|---|
| 003 | JO-AjNU | ||
| 008 | 230605s9999||||xx |||||||||||||| ||und|| | ||
| 040 |
_aJO-AjNU _bara _erda _cJO-AjNU |
||
| 041 | _aara | ||
| 050 | 1 | 4 | _aPJ7808.S5.Z477 1995 |
| 100 | 3 |
_aتحقيق العزيزي،روكس بن زائد ؛ تقديم داغر،يوسف أسعد, _eauthor _910788 |
|
| 245 | 0 | 0 | _aيوميات الدكتور أحمد زكي أبو شادي ((1942)) |
| 250 | _aط1 | ||
| 264 | 3 | 1 | _aعمان:وزارة الثقافة،1995 |
| 300 | _a230ص | ||
| 336 |
_atext _btxt _2rdacontent |
||
| 337 |
_aunmediated _bn _2rdamedia |
||
| 338 |
_avolume _bnc _2rdacarrier |
||
| 650 | 4 |
_a الشعراء المصريون - تراجم _910789 |
|
| 999 |
_aA1987 _c5555 _d5555 |
||